Open Data Biblioteca Nacional de Portugal


República Portuguesa: Ministério da Cultura
Biblioteca Nacional de Portugal

Catálogo da BNP: acesso por Identificadores Unívocos
Registos Bibliográficos associados ao registo de autoridade

Etiqueta de registo: 00000nam 2200025 450
001 2288557
003 http://id.bnportugal.gov.pt/bib/catbnp/2288557
100 ## $a20260623d2021 k y0pory01030103ba
101 0# $apor$deng
102 ## $aPT
105 ## $aa m 000yy
106 ## $ar
200 1# $aEvento-mediador e educação artística - podem as novas mediações potenciar a intervenção educativa?$fJoana Henriques Correia$gorient. João Paulo Gomes de Araujo Queiroz
210 #9 $aLisboa$c[s.n.],$d2021
215 ## $a497, [2] p.$cil.$d30 cm
328 #1 $aTese dout. Belas Artes (Educação Artística), Faculdade de Belas-Artes, Universidade de Lisboa, 2021
700 #1 $aCorreia,$bJoana Henriques$32001334
702 #1 $aQueiroz,$bJoão Paulo,$f1966-$4727$3960206
801 #0 $aPT$bBN$gRPC
966 ## $lBN$mFGMON$x1
971 ## $corlando$d20260623

OpendataBNP@bnportugal.pt | Mais informação sobre acesso aos dados BNP